000 01697nam a2200241Ia 4500
003 Ost
005 20260507075049.0
008 260507s9999||||xx |||||||||||||| ||und||
020 _a9957111337
040 _cfsecg
041 _aara
082 _a0
100 _aالمنيزل، عبد الله فلاح
_eمؤلف
245 0 _aالاحصاء الاستدلالي وتطبيقاته في الحاسوب باستخدام الرزم الاحصائية(SPSS) /
_c عبد الله فلاح المنيزل
260 _aعمان:
_bدار وائل للنشر,
_c2000
300 _a631 صفحة؛
_bإيضاحات ؛
_c25 سم
504 _aببليوغرافيا: ص. 595 الملاحق ص. 599
520 _aمدخل إلى اختبار الفرضيات-التوزيع العيني للمتوسطات واختبار الفرضيات المتعلقة بعينة واحدة-اختبار الفرضيات التي تحتوي على عينتين أو مجموعتين-الاحصاءات غير المعلمية لفحص الفرضيات المتعلقة بعينتين-تحليل التباين-المقارنات المتعددة-الاختبارات غير المعلمية واختبارات تحليل التباين الاحادي للقياسات المتكررة-تحليل التباين الثنائي-تحليل التغاير أو التباين المشترك-استخدام الحاسوب في تحليل البيانات ومعالجتها احصائيا
653 _aالإحصاء - المعاملات الإرتباطية
653 _aالحاسبات الإلكترونية- الطرق الإحصائية
653 _aالطرق الإحصائية
942 _cكتاب
999 _c42621
_d42621